00283nam a22001097a 4500020001800000040000900018082001600027100001400043245003900057260003800096650003900134 a9780590568807 cnust a823-CHbSTI aStine.L.R aGoosebumps The Beast From The East aNew York:bScholastic Inc,c2015. aGoosebumps The Beast From The East